00371nam a2200133Ia 4500003000400000008004100004020002300045040000800068100002600076245006900102260003900171300001500210365001200225LDD181029s9999 xx 000 0 und d a195673425c2250.00 cLDD aChakrabarti, Dilip K. 4aThe Oxford Companion to Indian ArchaeologycDilip K. Chakrabarti aNew DelhibOxford Universityc2006 axvi, 570p. b2250.00